Plant-soil interactions in mediterranean forest and shrublands: impacts of climatic change (Record no. 65180)
[ view plain ]
| 000 -LEADER | |
|---|---|
| fixed length control field | 03157nam a2200241Ia 4500 |
| 100 ## - MAIN ENTRY--AUTHOR NAME | |
| Personal name | Sardans J |
| 245 #0 - TITLE STATEMENT | |
| Title | Plant-soil interactions in mediterranean forest and shrublands: impacts of climatic change |
| 260 ## - PUBLICATION, DISTRIBUTION, ETC. (IMPRINT) | |
| Name of publisher | Plant and Soil |
| Year of publication | 2013 |
| 300 ## - PHYSICAL DESCRIPTION | |
| Number of Pages | Jan-33 |
| 520 ## - SUMMARY, ETC. | |
| Summary, etc | In the Mediterranean climate, plants have evolved under conditions of low soil-water nutrient availabilities and have acquired a series of adaptive traits that, in tern exert strong feedback on soil fertility, structure and protection. As a result, plant-soil systems constitute complex interactive webs where these adaptive traits allow plants to maximize the use of scarce resources. Scope: It is necessary to review the current bibliography to highlight the most know characteristic mechanisms underlying Mediterranean plant-soil feed-backs and identify the prcesses that merit further research in order to reach an understanding of the plant soil feedbacks and its capacity to cope with future global change scenarios. In this review, we characterize the functional and structural plant-soil relationship and feedbacks in Mediterranean regions. We thereafter discuss the effects of global change drivers on these complex interactions between plant and soil. Conclusions: The large plant diversity that characterizes Mediterranean ecosystems is associated to the success of coexisting species in avoiding competition for soil resources by defferential exploitation in space (soil layers) and time (year and daily). Among plant and soil traits, high foliar nutrient re-translocation and large contents of recalcitrant compounds reduce nutrient cycling. Meanwhile increased allocation of resources to roots and soil enzymes help to protect against soil erosion and to improve soil fertility and capacity to retain water. The long evolutionary adaptation to drought of Mediterranean plants allows them to cope with moderate increase of drought without significant losses of production and survival some species. However, other species have proved to be more sensitive decreasing their growth and increasing their mortality under moderate rising of drought All these increases contribute to species composition shifts. Moreover, in more xeric sites, the desertification resulting from synergic interactions among some related process such as drought increases, torrential rainfall increases and human driven distrubances is an increasing concern. A research priority now is to discern the effects of long-termincreasing the atmospheric CO2 concentrations, warming, and drought on soil fertility and water availability and on the structure of soil communities ( e.g., shifts from bacteria to fungi) and on patching vegetation and root-water uplift (from soil to plant and from soil deep layers to soil superficial layers) roles in desertification. |
| 650 ## - SUBJECT ADDED ENTRY--TOPICAL TERM | |
| Topical Term | Desertification |
| 650 ## - SUBJECT ADDED ENTRY--TOPICAL TERM | |
| Topical Term | Drought |
| 650 ## - SUBJECT ADDED ENTRY--TOPICAL TERM | |
| Topical Term | Nitrogen |
| 650 ## - SUBJECT ADDED ENTRY--TOPICAL TERM | |
| Topical Term | Phosphurus |
| 650 ## - SUBJECT ADDED ENTRY--TOPICAL TERM | |
| Topical Term | Plant growth |
| 650 ## - SUBJECT ADDED ENTRY--TOPICAL TERM | |
| Topical Term | Root system |
| 650 ## - SUBJECT ADDED ENTRY--TOPICAL TERM | |
| Topical Term | Soil enzymes |
| 650 ## - SUBJECT ADDED ENTRY--TOPICAL TERM | |
| Topical Term | Soil erosion |
| 650 ## - SUBJECT ADDED ENTRY--TOPICAL TERM | |
| Topical Term | Warming |
| 700 ## - ADDED ENTRY--PERSONAL NAME | |
| Personal name | Penualas J |
| 942 ## - ADDED ENTRY ELEMENTS (KOHA) | |
| Koha item type | Journals |
| Withdrawn status | Lost status | Damaged status | Not for loan | Home library | Current library | Shelving location | Date acquired | Serial Enumeration / chronology | Koha item type |
|---|---|---|---|---|---|---|---|---|---|
| Journals | RRII Library | RRII Library | Climate change | 01/01/2021 | Volume 365, Issue 02-Jan | Journals |